| 000 | 00635nam a22002297a 4500 | ||
|---|---|---|---|
| 005 | 20090903111847.0 | ||
| 008 | 090903t xxu||||| |||| 00| 0 eng d | ||
| 010 | _aB-316876 | ||
| 020 | _c335.00 | ||
| 035 | _aB-316876 | ||
| 037 | _bRP/BL-1 | ||
| 040 |
_aDPL _bEng |
||
| 082 | _a330 | ||
| 100 | _aLipsey | ||
| 245 |
_aEconomics / _cby Lipsey |
||
| 250 | _a11th ed. | ||
| 260 |
_aNew Delhi _bOxford University Press |
||
| 270 | _aNew Delhi | ||
| 300 |
_a665p. _c26cm.(pbk) |
||
| 942 |
_2ddc _cEN _e11th ed. _mLIP-330 |
||
| 999 |
_c29906 _d29906 |
||